[Event "Joao Pessoa op 5th"]
[Site "Joao Pessoa"]
[Date "2014.03.14"]
[Round "2"]
[White "De Moura Filho, Eny Nobrega"]
[Black "De Lira Machado, Alexandre Henri"]
[Result "0-1"]
[WhiteElo "1568"]
[BlackElo "2022"]
[PlyCount "54"]
[EventDate "2014.03.14"]
[EventType "swiss"]
[EventRounds "6"]
[EventCountry "BRA"]
[SourceTitle "CBM 159 Extra"]
[Source "ChessBase"]
[SourceDate "2014.04.24"]
[SourceVersion "1"]
[SourceVersionDate "2014.04.24"]
[SourceQuality "1"]

1. Nf3 c5 2. g3 e6 3. Bg2 Be7 4. 0-0 a6 5. d3 d6 6. Re1 Nd7 7. Nbd2 Qc7 8. e4 b6 9. b3 Bb7 10. Bb2 e5 11. c3 g5 12. Nc4 h5 13. h4 gxh4 14. gxh4 0-0-0 15. Ng5 Nh6 16. Qf3 Rdg8 17. Bh3 Kb8 18. Kg2 Ng4 19. Kh1 Bxg5 20. hxg5 f5 21. g6 Rxg6 22. Qxf5 Rf6 23. Qg5 Nxf2+ 24. Kh2 Nxh3 25. Qg7 Qd8 26. Kxh3 Rg8 27. Qh7 Rf3+ 0-1

[Event "Joao Pessoa op 3rd"]
[Site "Joao Pessoa"]
[Date "2012.03.11"]
[Round "5"]
[White "De Andrade, Dalson Holanda Cav"]
[Black "De Lira Machado, Alexandre Henri"]
[Result "1-0"]
[WhiteElo "1922"]
[BlackElo "2104"]
[PlyCount "127"]
[EventDate "2012.03.09"]
[EventType "swiss"]
[EventRounds "6"]
[EventCountry "BRA"]
[SourceTitle "CBM 147 Extra"]
[Source "ChessBase"]
[SourceDate "2012.04.24"]
[SourceVersion "1"]
[SourceVersionDate "2012.04.24"]
[SourceQuality "1"]

1. d4 b6 2. e4 Bb7 3. Nc3 e6 4. Nf3 a6 5. a3 Be7 6. Bc4 d6 7. 0-0 c5 8. Be3 b5 9. Ba2 b4 10. axb4 cxb4 11. Na4 Bxe4 12. d5 e5 13. Nb6 Ra7 14. Bb3 Rb7 15. Ba4+ Kf8 16. Nd2 Bg6 17. Ndc4 f5 18. Bc6 Rc7 19. Na8 Rxc6 20. dxc6 Nxc6 21. Rxa6 Be8 22. Nab6 Nb8 23. Ra7 f4 24. Nd5 Nc6 25. Bb6 Qb8 26. Rc7 Bd8 27. Qg4 Nge7 28. Nxe7 Nxe7 29. Ra7 h5 30. Qg5 Rh6 31. Bxd8 Qxd8 32. Rd1 Rg6 33. Qh4 Rg4 34. Qxe7+ Qxe7 35. Rxe7 Kxe7 36. Nxd6 Bc6 37. g3 Ke6 38. Nc4 Bd5 39. Nb6 Bf3 40. Re1 e4 41. Nc4 e3 42. Nxe3 fxe3 43. Rxe3+ Re4 44. Rxf3 Re2 45. Rb3 Rxc2 46. Rxb4 Kf5 47. h4 Rc5 48. Kg2 g5 49. hxg5 Kxg5 50. Rb8 Kf6 51. b4 Rd5 52. b5 Ke7 53. b6 Kd7 54. Rh8 Kc6 55. b7 Kxb7 56. Kh3 Rf5 57. f4 Rb5 58. Kh4 Rb3 59. Rxh5 Kb6 60. Rd5 Kc6 61. Rd1 Rb5 62. g4 Rb8 63. f5 Rh8+ 64. Kg5 1-0